000 00652nam a2200277Ia 4500
005 20260324141457.0
008 008 260324s9999 xx 000 0 eng d
020 _a9780429161605
037 _aEBOOK
040 _aCRL
040 _beng
040 _cCRL
041 _2eng
041 _aeng
084 _qCRL
100 _aR. Reid Townsend; Arland T. Hotchkiss
_91208335
245 0 _aTechniques in Glycobiology
260 _bTaylor and Francis
260 _c1997
365 _a
365 _b370
856 _uhttp://www.taylorfrancis.com/books/9780429161605
942 _cEBOOK
999 _c1811470
_d1811470